000 00215nam a2200097Ia 4500
005 20251222114410.0
008 251222s1900||||xx |||||||||||||| ||spa||
082 _aDVD0093/M86/1989
245 0 _aRoger y Me
942 _cDVD
999 _c1996
_d1996